Musical Acts by State - Arizona - Statistics

General Stats
  • This quiz has been taken 98 times
  • The average score is 5 of 30
Answer Stats
City/Town Songs Answer % Correct
Phoenix Edge Of Seventeen | Stop Draggin' My Heart Around Stevie Nicks
79%
Phoenix School's Out | No More Mr. Nice Guy Alice Cooper (band)
76%
Tucson Blue Bayou | Don't Know Much Linda Ronstadt
45%
Tempe Hey Jealousy | Found Out About You Gin Blossoms
44%
Glendale Big Iron | El Paso Marty Robbins
44%
Mesa The Middle | Bleed American Jimmy Eat World
43%
Phoenix No Air | One Step At A Time Jordin Sparks
28%
Phoenix Drunk On A Plane | Somewhere On A Beach Dierks Bentley
20%
Sedona Everywhere | All You Wanted Michelle Branch
18%
Phoenix Let Me Down Slowly | Water Fountain Alec Benjamin
10%
Phoenix I'm Not Lisa | I Thought I Heard You Calling My Name Jessi Colter
9%
Phoenix Backwater | Plateau Meat Puppets
9%
Yuma Pretty Little Angel Eyes | Under The Moon Of Love Curtis Lee
6%
Scottsdale Boomerang | Figure Me Out The Summer Set
5%
Phoenix Brave As A Noun | Body Terror Song AJJ
4%
Phoenix 18 | You And I Anarbor
4%
Tempe Black Butterflies & Déjà Vu | Into Your Arms The Maine
4%
Flagstaff Song For The Morning Star | Ancestral Home R. Carlos Nakai
3%
Wilcox There's A Great Big Beautiful Tomorrow | Crying In The Chapel Rex Allen
3%
Gilbert My Darkest Hour | The City Sleeps In Flames Scary Kids Scaring Kids
3%
Pinetop-Lakeside Hypnotic | East Of Eden Zella Day
3%
Mesa One More Minute | Mexican Radio Authority Zero
1%
Flagstaff Mean Things Happenin' In This World | No Control Blackfire
1%
Tucson Alone Again Or | Stray Calexico
1%
Tempe Jailbreak The Tesla | Ttktv Injury Reserve
1%
Casa Grande Sunday | Look Up Joy Oladokun
1%
Tucson Marihuana Boogie | There's No Tortillas Lalo Guerrero
1%
Tucson Mi Niña Traviesa | Escápate Luis Coronel
1%
Peoria On Your Porch | She Doesn't Get It The Format
1%
Phoenix Rise | Why Am I Like This? The Word Alive
1%
No matching quizzes found
Score Distribution
Percent of People with Each Score
Percentile by Number Answered
Your Score History
You have not taken this quiz